000 02809nas a2200325 i 4500
001 172588
003 ES-MaACL
005 20250928134551.0
007 t|
008 090723c1889 sp a| | 1 ||pa d
080 _a3 : 061.12(460)
110 2 _aReal Academia de Ciencias Morales y Políticas (España)
_9222050
245 1 0 _aMemorias de la Real Academia de Ciencias Morales y Políticas
_g1889.
260 _aMadrid :
_b[s. n.],
_c1889 (
_fTip. de los Huérfanos)
300 _a1 v. ;
_c26 cm.
505 8 _aContiene: T. VI: Resumen de las actas leído el 28 de diciembre de 1884 / José García Barzanallana (20 p.). Términos primordiales del problema social comtemporáneo / Carlos María Perier (p. 21-34). Resumen de las actas leído el 27 de diciembre de 1885 / José García Barzanallana (p. 35-56). De la importancia política, social y económica de las grandes capitales en las naciones modernas / Conde de Toreno (p. 57-138). Los Consejos del Rey durante la edad Media, su formación, autoridad y principales acuerdos en Europa y singularmente en Castilla (escrito por el Conde de Torreánaz / Manuel Colmeiro y Vizconde de Campo Grande (p. 139-146). De la extradición según el derecho internacional moderno / Francisco de Cárdenas (p. 147-176). La moral utilitaria / Francisco Javier Caminero y Muñoz (p. 177-286). Mediación del Papa León XIII entre España y Alemania sobre las islas Carolinas y Palaos / Conde de Casa Valencia y Carlos María Perier (p. 287-304). Las relaciones entre el Pontificado y el reino de Italia / Marqués de la Vega Armijo (p. 305-358). Una agrupación vascongada de 1820 a 1850 / Duque de Mandas (p. 359-370). El divorcio / Benito Gutiérrez Fernández (p. 371-542). ¿A quién pertenecerá Marruecos? / Vizconde de Campo Grande (p. 543-552). La hacienda pública de Portugal en sus relaciones con la de España / José García Barzanallana (p. 553-642). Rosmini y sus obras / Vicente de la Fuente (p. 643-690).
700 1 _aPerier, Carlos María.
_9131024
700 1 _aToreno, José María Queipo de Llano Ruiz de Saravia,
_cConde de,
_d1786-1843
_9143059
700 1 _aColmeiro, Manuel (
_d1818-1894)
_939768
700 1 _aCasa de Valencia, Emilio Alcalá Galiano y Valencia,
_cConde de,
_d1831-1914
_919462
700 1 _aGarcía Barzanallana, José,
_d1819-1903
_954239
700 1 _aJove y Hevia, Plácido de,
_cVizconde de Campo Grande
_967050
700 1 _aCárdenas, Francisco de,
_d1816-1898
_935138
700 1 _aAguilar y Correa, Antonio,
_cMarqués de la Vega de Armijo,
_d1824-1908
_918751
700 1 _aCaminero Muñoz, Francisco Javier.
_934077
700 1 _aGutiérrez Fernández, Benito,
_d1826-1885
_961147
700 1 _aFuente, Vicente de la,
_d1817-1889
_952857
852 _aES-MaACL
_jK-176
999 _c172588
_d172588